[Event "Dulles Skyline op-B"]
[Site "Dulles"]
[Date "2022.10.08"]
[Round "1"]
[White "Huang, Lulu"]
[Black "Briegel, Jason"]
[Result "0-1"]
[WhiteElo "1186"]
[BlackElo "1894"]
[PlyCount "68"]
[EventDate "2022.10.08"]
[EventType "swiss"]
[EventRounds "6"]
[EventCountry "USA"]
[SourceTitle "CBM 210 Extra"]
[Source "ChessBase"]
[SourceDate "2022.11.30"]
[SourceVersion "1"]
[SourceVersionDate "2022.11.30"]
[SourceQuality "1"]

1. d4 e6 2. Nf3 Nf6 3. e3 d5 4. Bd3 Bd6 5. 0-0 0-0 6. b3 Nbd7 7. Bb2 Re8 8. Ne5 c5 9. Nd2 Qc7 10. f4 a6 11. g4 g6 12. h4 b5 13. c4 Rb8 14. h5 bxc4 15. hxg6 hxg6 16. Bc2 cxd4 17. Bxd4 Nxe5 18. fxe5 Bxe5 19. Bxe5 Qxe5 20. Qf3 Kg7 21. Rae1 Rh8 22. Re2 Bb7 23. e4 Qg5 24. Ref2 Rh4 25. Rg2 Rbh8 26. Qf4 Rh1+ 27. Kf2 Qxf4+ 28. Ke2 Rxf1 29. Nxf1 d4 30. bxc4 Nxe4 31. Bxe4 Qxe4+ 32. Kf2 Qxg2+ 33. Ke1 Rh1 34. g5 Rxf1# 0-1